[Event "Steinfurt Bezirksklasse 1819"]
[Site "Germany"]
[Date "2019.03.23"]
[Round "7.4"]
[White "Rueth, Stefan"]
[Black "Sieg, Gerhard"]
[Result "1-0"]
[WhiteElo "1292"]
[BlackElo "1213"]
[PlyCount "67"]
[EventDate "2018.09.29"]
[EventType "team-tourn"]
[EventRounds "7"]
[EventCountry "GER"]
[SourceTitle "EXT 2020"]
[Source "ChessBase"]
[SourceDate "2019.10.17"]
[SourceVersion "1"]
[SourceVersionDate "2019.10.17"]
[SourceQuality "1"]
[WhiteTeam "Rheine Klein Berlin III"]
[BlackTeam "Emsdetten Rochade V"]
[WhiteTeamCountry "GER"]
[BlackTeamCountry "GER"]

1. Nf3 Nf6 2. b3 g6 3. Bb2 Bg7 4. e4 0-0 5. e5 Nd5 6. c4 Nb4 7. a3 N4c6 8. d4 d5 9. cxd5 Qxd5 10. Bc4 Qe4+ 11. Qe2 Qf4 12. Nc3 Bg4 13. Nd5 Qf5 14. Nxc7 Nd7 15. Nxa8 Rxa8 16. Bd3 Qf4 17. Qe4 Bh6 18. Qxf4 Bxf4 19. Bb5 Na5 20. Bc3 Nxb3 21. Rb1 Be6 22. Bxd7 Bc4 23. Ba4 Nc1 24. Bc2 b6 25. Bd2 Nd3+ 26. Bxd3 Bxd3 27. Rc1 Bxd2+ 28. Kxd2 Be4 29. Ke3 Bd5 30. Rc7 Kf8 31. Rhc1 Be6 32. Ng5 h6 33. Nxe6+ fxe6 34. Rc8+ 1-0

[Event "Steinfurt Bezirksklasse 1819"]
[Site "Germany"]
[Date "2019.03.02"]
[Round "6.3"]
[White "Rueth, Stefan"]
[Black "Hepe, Henning"]
[Result "1/2-1/2"]
[WhiteElo "1292"]
[BlackElo "1183"]
[PlyCount "35"]
[EventDate "2018.09.29"]
[EventType "team-tourn"]
[EventRounds "7"]
[EventCountry "GER"]
[SourceTitle "EXT 2020"]
[Source "ChessBase"]
[SourceDate "2019.10.17"]
[SourceVersion "1"]
[SourceVersionDate "2019.10.17"]
[SourceQuality "1"]
[WhiteTeam "Rheine Klein Berlin III"]
[BlackTeam "Steinfurt IV"]
[WhiteTeamCountry "GER"]
[BlackTeamCountry "GER"]

1. b3 e5 2. Bb2 Nc6 3. e3 Bb4 4. a3 Ba5 5. Nf3 d6 6. Bc4 Nf6 7. Ng5 0-0 8. Bxf7+ Rxf7 9. Nxf7 Kxf7 10. b4 Bb6 11. b5 Ne7 12. Nc3 a6 13. a4 Ba5 14. h3 Be6 15. Qf3 b6 16. Ne4 h6 17. Nxf6 gxf6 18. Qh5+ 1/2-1/2

[Event "Steinfurt Bezirksklasse 1819"]
[Site "Germany"]
[Date "2019.02.02"]
[Round "5.5"]
[White "Altenaehr, Johannes"]
[Black "Rueth, Stefan"]
[Result "1-0"]
[WhiteElo "1374"]
[BlackElo "1292"]
[PlyCount "75"]
[EventDate "2018.09.29"]
[EventType "team-tourn"]
[EventRounds "7"]
[EventCountry "GER"]
[SourceTitle "EXT 2020"]
[Source "ChessBase"]
[SourceDate "2019.10.17"]
[SourceVersion "1"]
[SourceVersionDate "2019.10.17"]
[SourceQuality "1"]
[WhiteTeam "Rheine CC"]
[BlackTeam "Rheine Klein Berlin III"]
[WhiteTeamCountry "GER"]
[BlackTeamCountry "GER"]

1. Nf3 b6 2. g3 Bb7 3. Bg2 Nf6 4. 0-0 e6 5. b3 Nc6 6. Bb2 d5 7. d4 Ba6 8. Nbd2 Nd7 9. Re1 Qf6 10. e4 0-0-0 11. e5 Qg6 12. a3 Be7 13. c4 Rhf8 14. Rc1 dxc4 15. Nxc4 Ndb8 16. b4 f6 17. exf6 Bxf6 18. Rxe6 Qf7 19. Bh3 Kb7 20. Nce5 Bxe5 21. Rexc6 Nxc6 22. Rxc6 Bb5 23. Rc2 Ba4 24. Nxe5 Qb3 25. Bg2+ Kb8 26. Nc6+ Bxc6 27. Bxc6 Rd6 28. d5 g6 29. Qe2 Rxc6 30. dxc6 Kc8 31. Rc3 Qf7 32. Qg4+ Kb8 33. Qd4 Kc8 34. Rd3 Qe7 35. Qd7+ Qxd7 36. cxd7+ Kd8 37. Bc1 Rf7 38. Bg5+ 1-0

[Event "Steinfurt Bezirksklasse 1718"]
[Site "Germany"]
[Date "2018.04.14"]
[Round "7.6"]
[White "Barlage, Stefan"]
[Black "Rueth, Stefan"]
[Result "0-1"]
[WhiteElo "1124"]
[BlackElo "1287"]
[PlyCount "98"]
[EventDate "2017.10.07"]
[EventType "team-tourn"]
[EventRounds "7"]
[EventCountry "GER"]
[SourceTitle "EXT 2019"]
[Source "ChessBase"]
[SourceDate "2018.10.10"]
[SourceVersion "1"]
[SourceVersionDate "2018.10.10"]
[SourceQuality "1"]
[WhiteTeam "Neuenkirchen II"]
[BlackTeam "Rheine Klein Berlin III"]
[WhiteTeamCountry "GER"]
[BlackTeamCountry "GER"]

1. e4 b6 2. d4 Bb7 3. Nc3 e6 4. Nf3 Bb4 5. Bd3 Nf6 6. e5 Bxc3+ 7. bxc3 Nd5 8. Bd2 Qe7 9. a3 c5 10. 0-0 Nc6 11. Re1 f6 12. Qe2 g5 13. h4 g4 14. Nh2 f5 15. c4 Nxd4 16. Qd1 Nc7 17. g3 Rg8 18. c3 Nf3+ 19. Nxf3 gxf3 20. Bf4 Qxh4 21. Qd2 Be4 22. Rxe4 fxe4 23. Bxe4 0-0-0 24. Bxf3 Rdf8 25. Bg2 Qh5 26. Rd1 Rf7 27. Qd3 Rfg7 28. Qf3 Qxf3 29. Bxf3 Rf8 30. Bh6 Rxg3+ 31. fxg3 Rxf3 32. Kg2 Rxc3 33. Rf1 Rxc4 34. Rf8+ Kb7 35. Rf7 Rc2+ 36. Kg1 Kc6 37. Rxh7 Rc3 38. Bf4 Nd5 39. Rf7 Nxf4 40. gxf4 Rxa3 41. f5 exf5 42. Rxf5 Re3 43. Rf6+ Kd5 44. Rd6+ Kxe5 45. Rxd7 Ra3 46. Rh7 c4 47. Kf1 Kd4 48. Ke2 Ra2+ 49. Kd1 b5 0-1

[Event "Steinfurt Bezirksklasse 1718"]
[Site "Germany"]
[Date "2017.12.09"]
[Round "3.5"]
[White "Rueth, Stefan"]
[Black "Bloom, Luca"]
[Result "1/2-1/2"]
[WhiteElo "1287"]
[BlackElo "1163"]
[PlyCount "52"]
[EventDate "2017.10.07"]
[EventType "team-tourn"]
[EventRounds "7"]
[EventCountry "GER"]
[SourceTitle "EXT 2019"]
[Source "ChessBase"]
[SourceDate "2018.10.10"]
[SourceVersion "1"]
[SourceVersionDate "2018.10.10"]
[SourceQuality "1"]
[WhiteTeam "Rheine Klein Berlin III"]
[BlackTeam "Reckenfeld II"]
[WhiteTeamCountry "GER"]
[BlackTeamCountry "GER"]

1. b3 e5 2. Bb2 Nc6 3. e3 d6 4. Nc3 Nf6 5. Bc4 d5 6. Bb5 Bd7 7. Bxc6 Bxc6 8. d4 exd4 9. Qxd4 Be7 10. Nf3 Bd6 11. 0-0-0 Qe7 12. Rhe1 Bc5 13. Qe5 0-0-0 14. Qxe7 Bxe7 15. Ne5 Rhf8 16. Nxc6 bxc6 17. f3 Rfe8 18. Na4 Bd6 19. Bxf6 gxf6 20. g3 Ba3+ 21. Kb1 Bd6 22. Rd4 Re6 23. Rh4 Ba3 24. c4 Red6 25. c5 Re6 26. Kc2 d4 1/2-1/2

[Event "Steinfurt Bezirksklasse 1718"]
[Site "Germany"]
[Date "2017.10.07"]
[Round "1.4"]
[White "Rueth, Stefan"]
[Black "Jendraszyk, Daniel"]
[Result "1/2-1/2"]
[WhiteElo "1287"]
[BlackElo "1156"]
[PlyCount "49"]
[EventDate "2017.10.07"]
[EventType "team-tourn"]
[EventRounds "7"]
[EventCountry "GER"]
[SourceTitle "EXT 2019"]
[Source "ChessBase"]
[SourceDate "2018.10.10"]
[SourceVersion "1"]
[SourceVersionDate "2018.10.10"]
[SourceQuality "1"]
[WhiteTeam "Rheine Klein Berlin III"]
[BlackTeam "Emsdetten Rochade VI"]
[WhiteTeamCountry "GER"]
[BlackTeamCountry "GER"]

1. b3 e5 2. Bb2 Nc6 3. e3 d6 4. Bc4 g6 5. Qf3 Qf6 6. Qd5 Be6 7. Qb5 0-0-0 8. Nc3 Nge7 9. Ne4 Qf5 10. Bd3 Qg4 11. g3 f5 12. f3 Qh5 13. Nf2 Bg7 14. f4 Bd5 15. e4 Nd4 16. Bxd4 fxe4 17. Bxe4 exd4 18. g4 a6 19. Bxd5 Qxd5 20. Qxd5 Nxd5 21. Nd3 Rde8+ 22. Kf2 Rhf8 23. Nh3 g5 24. f5 h6 25. Nb2 1/2-1/2

[Event "Steinfurt Bezirksklasse 1617"]
[Site "Germany"]
[Date "2016.11.19"]
[Round "3.5"]
[White "Rueth, Stefan"]
[Black "Stroot, Helmut"]
[Result "1-0"]
[WhiteElo "1279"]
[BlackElo "1227"]
[PlyCount "57"]
[EventDate "2016.09.17"]
[EventType "team"]
[EventRounds "10"]
[EventCountry "GER"]
[SourceTitle "EXT 2018"]
[Source "ChessBase"]
[SourceDate "2017.10.13"]
[SourceVersion "1"]
[SourceVersionDate "2017.10.13"]
[SourceQuality "1"]
[WhiteTeam "Rheine Klein Berlin III"]
[BlackTeam "Rheine CC"]
[WhiteTeamCountry "GER"]
[BlackTeamCountry "GER"]

1. b3 Nc6 2. Bb2 d5 3. e3 Bf5 4. a3 e6 5. Bb5 Nge7 6. Nf3 a6 7. Bxc6+ Nxc6 8. d3 f6 9. Nbd2 Bd6 10. Nh4 Qe7 11. Nxf5 exf5 12. Qh5+ g6 13. Qf3 0-0-0 14. d4 f4 15. 0-0 g5 16. Rfe1 Qg7 17. Qxd5 Bxa3 18. Qf5+ Kb8 19. Bxa3 fxe3 20. fxe3 h5 21. d5 Ne5 22. Bb2 Rxd5 23. Ne4 Rhd8 24. Qxf6 Qh7 25. Bxe5 Qxe4 26. Bd4 Qxc2 27. e4 Rxd4 28. Rac1 Qxb3 29. Rb1 1-0

[Event "Steinfurt Bezirksklasse 1516"]
[Site "Germany"]
[Date "2015.09.26"]
[Round "2.3"]
[White "Koelking, Helmut"]
[Black "Rueth, Stefan"]
[Result "1/2-1/2"]
[WhiteElo "1243"]
[BlackElo "1298"]
[PlyCount "45"]
[EventDate "2015.09.05"]
[EventType "team-tourn"]
[EventRounds "9"]
[EventCountry "GER"]
[SourceTitle "EXT 2017"]
[Source "ChessBase"]
[SourceDate "2016.10.25"]
[SourceVersion "1"]
[SourceVersionDate "2016.10.25"]
[SourceQuality "1"]
[WhiteTeam "Steinfurt IV"]
[BlackTeam "Rheine Klein Berlin III"]
[WhiteTeamCountry "GER"]
[BlackTeamCountry "GER"]

1. d4 b6 2. c4 Bb7 3. Nc3 e6 4. e3 Nf6 5. Nf3 Be7 6. Bd3 0-0 7. 0-0 c5 8. dxc5 Bxc5 9. a3 Qc7 10. b4 Be7 11. Nb5 Qc6 12. Bb2 d5 13. cxd5 Nxd5 14. Rc1 Qd7 15. e4 a6 16. exd5 axb5 17. dxe6 Qxe6 18. Ne5 Qd5 19. f3 Bf6 20. Re1 Bh4 21. Be4 Qxd1 22. Rexd1 Bxe4 23. fxe4 1/2-1/2

[Event "Steinfurt Bezirksklasse 1516"]
[Site "Germany"]
[Date "2015.09.05"]
[Round "1.5"]
[White "Rueth, Stefan"]
[Black "Kretschmer, Sven"]
[Result "1-0"]
[WhiteElo "1298"]
[BlackElo "912"]
[PlyCount "51"]
[EventDate "2015.09.05"]
[EventType "team-tourn"]
[EventRounds "9"]
[EventCountry "GER"]
[SourceTitle "EXT 2017"]
[Source "ChessBase"]
[SourceDate "2016.10.25"]
[SourceVersion "1"]
[SourceVersionDate "2016.10.25"]
[SourceQuality "1"]
[WhiteTeam "Rheine Klein Berlin III"]
[BlackTeam "Ibbenbueren III"]
[WhiteTeamCountry "GER"]
[BlackTeamCountry "GER"]

1. b3 e5 2. Bb2 Nc6 3. e3 d5 4. Bb5 a6 5. Bxc6+ bxc6 6. Bxe5 Nf6 7. h3 Bd6 8. Nf3 0-0 9. Bxd6 Qxd6 10. Nc3 Bf5 11. Nd4 Qd7 12. Qf3 Be6 13. 0-0-0 c5 14. Nxe6 Qxe6 15. d4 c4 16. g4 Ne4 17. Ne2 Rab8 18. Ng3 Nc3 19. Rde1 Nxa2+ 20. Kb2 Nb4 21. Kc3 Nc6 22. Qf5 Qxf5 23. Nxf5 Rbd8 24. bxc4 dxc4 25. Kxc4 Ne7 26. d5 1-0

[Event "Steinfurt Bezirksliga 0203"]
[Site "Germany"]
[Date "2003.02.22"]
[Round "6.7"]
[White "Rueth, Stefan"]
[Black "Langer, Ralf"]
[Result "0-1"]
[WhiteElo "1301"]
[BlackElo "1710"]
[PlyCount "58"]
[EventDate "2002.09.14"]
[EventType "team-tourn"]
[EventRounds "9"]
[EventCountry "GER"]
[SourceTitle "EXT 2004"]
[Source "ChessBase"]
[SourceDate "2003.11.25"]
[SourceVersion "1"]
[SourceVersionDate "2003.11.25"]
[SourceQuality "1"]
[WhiteTeam "Mesum"]
[BlackTeam "Westerkappeln"]
[WhiteTeamCountry "GER"]
[BlackTeamCountry "GER"]

1. b3 Nf6 2. Bb2 g6 3. Nf3 Bg7 4. e4 d6 5. Bc4 0-0 6. 0-0 Nxe4 7. Bxg7 Kxg7 8. Re1 d5 9. Bd3 Nf6 10. Qe2 Re8 11. Nc3 c6 12. Qe3 Nbd7 13. Ne2 e5 14. Bf5 gxf5 15. Qg5+ Kh8 16. Ng3 Ne4 17. Qh6 Qf6 18. Qxf6+ Ndxf6 19. Nxf5 Bxf5 20. d3 Nd6 21. Rxe5 Rxe5 22. Nxe5 Re8 23. f4 Nd7 24. g4 Be6 25. f5 Nxe5 26. fxe6 Rxe6 27. h3 f5 28. gxf5 Nxf5 29. Re1 Nf3+ 0-1

[Event "Steinfurt Bezirksliga 0203"]
[Site "Germany"]
[Date "2003.01.25"]
[Round "5.7"]
[White "Winter, Reinhold"]
[Black "Rueth, Stefan"]
[Result "1/2-1/2"]
[WhiteElo "1493"]
[BlackElo "1301"]
[PlyCount "44"]
[EventDate "2002.09.14"]
[EventType "team-tourn"]
[EventRounds "9"]
[EventCountry "GER"]
[SourceTitle "EXT 2004"]
[Source "ChessBase"]
[SourceDate "2003.11.25"]
[SourceVersion "1"]
[SourceVersionDate "2003.11.25"]
[SourceQuality "1"]
[WhiteTeam "Neuenkirchen II"]
[BlackTeam "Mesum"]
[WhiteTeamCountry "GER"]
[BlackTeamCountry "GER"]

1. c4 Nf6 2. d4 g6 3. Nc3 Bg7 4. g3 d5 5. cxd5 Nxd5 6. Bg2 Nxc3 7. bxc3 c6 8. Nf3 0-0 9. 0-0 Bf5 10. Nh4 Be6 11. e4 Bc4 12. Re1 Qa5 13. Bb2 Rd8 14. a4 Nd7 15. Bf1 Nb6 16. Qc2 e5 17. Nf3 Bxf1 18. Rxf1 Nc4 19. Rfd1 Re8 20. d5 Qc5 21. Qb3 Bf8 22. Bc1 Rab8 1/2-1/2

[Event "Steinfurt Bezirksliga 0203"]
[Site "Germany"]
[Date "2002.11.30"]
[Round "3.7"]
[White "Limberg, Johannes"]
[Black "Rueth, Stefan"]
[Result "0-1"]
[WhiteElo "1437"]
[BlackElo "1301"]
[PlyCount "50"]
[EventDate "2002.09.14"]
[EventType "team-tourn"]
[EventRounds "9"]
[EventCountry "GER"]
[SourceTitle "EXT 2004"]
[Source "ChessBase"]
[SourceDate "2003.11.25"]
[SourceVersion "1"]
[SourceVersionDate "2003.11.25"]
[SourceQuality "1"]
[WhiteTeam "Rheine SG"]
[BlackTeam "Mesum"]
[WhiteTeamCountry "GER"]
[BlackTeamCountry "GER"]

1. e4 d5 2. exd5 Qxd5 3. Nc3 Qa5 4. Nf3 Nf6 5. Bc4 Bg4 6. d3 Nc6 7. Bd2 Qh5 8. Be3 e5 9. Nd5 0-0-0 10. Nxf6 gxf6 11. Qe2 f5 12. 0-0-0 e4 13. h3 exf3 14. gxf3 Bxf3 15. Qd2 Bxh1 16. Rxh1 Ne5 17. Bb3 Qf3 18. Re1 Qxh3 19. Qc3 Bg7 20. d4 Nc6 21. Qc5 Bxd4 22. Bxd4 Rxd4 23. Bxf7 Rhd8 24. Be6+ Kb8 25. Bxf5 Qh6+ 0-1